[Event "ch-IND National A"]
[Site "Calicut IND"]
[Date "2003.12.08"]
[Round "8"]
[White "Harikrishna,P"]
[Black "Thipsay,P"]
[Result "1-0"]
[WhiteElo "2570"]
[BlackElo "2486"]
[EventDate "2003.12.04"]

1. e4 e5 2. Nf3 Nc6 3. Nc3 Nf6 4. Bb5 d6 5. d4 exd4 6. Nxd4 Bd7 7. O-O Be7
8. Bxc6 bxc6 9. Qf3 O-O 10. b3 Qc8 11. h3 Kh8 12. Re1 Ng8 13. Bf4 c5 14.
Nde2 Bc6 15. Qd3 Bf6 16. Ng3 Re8 17. Rad1 Qe6 18. Nb5 Bxb5 19. Qxb5 Ne7 20.
e5 a6 21. Qe2 Ng6 22. exf6 Nxf4 23. fxg7+ Kg8 24. Qf3 Qf6 25. Ne4 Qf5 26.
Kf1 Rad8 27. Rd5 Re5 28. g4 Qe6 29. Qxf4 1-0

[Event "ch-IND National A"]
[Site "Calicut IND"]
[Date "2003.12.08"]
[Round "8"]
[White "Prathamesh,S"]
[Black "Srinivasa Rao,M"]
[Result "1-0"]
[WhiteElo "2379"]
[BlackElo "2329"]
[EventDate "2003.12.04"]

1. e4 c5 2. Nf3 d6 3. d4 cxd4 4. Nxd4 Nf6 5. Nc3 a6 6. Be2 e5 7. Nb3 Be7 8.
O-O O-O 9. Kh1 b6 10. Be3 Bb7 11. f3 b5 12. a4 b4 13. Nd5 Nxd5 14. exd5 Qc7
15. Rc1 Nd7 16. c3 bxc3 17. Rxc3 Qd8 18. a5 Rc8 19. Qd2 Nf6 20. Bc4 Qd7 21.
Qd3 Rfe8 22. Nd2 Bd8 23. Ra1 e4 24. Nxe4 Nxe4 25. fxe4 Qg4 26. Bxa6 Bxa6
27. Qxa6 Rxc3 28. bxc3 Qxe4 29. Bg1 Qxd5 30. Qc8 Qe4 31. a6 1-0

[Event "ch-IND National A"]
[Site "Calicut IND"]
[Date "2003.12.08"]
[Round "8"]
[White "Suvrajit,S"]
[Black "Neelotpal,D"]
[Result "1/2-1/2"]
[WhiteElo "2387"]
[BlackElo "2443"]
[EventDate "2003.12.04"]

1. d4 Nf6 2. Nf3 e6 3. e3 b6 4. Bd3 Bb7 5. O-O d5 6. b3 Bd6 7. Bb2 O-O 8.
c4 dxc4 9. Bxc4 Nbd7 10. Qe2 Ne4 11. Nc3 Nxc3 12. Bxc3 Nf6 13. Bb2 Qe7
1/2-1/2

[Event "ch-IND National A"]
[Site "Calicut IND"]
[Date "2003.12.08"]
[Round "8"]
[White "Hariharan,V"]
[Black "Roy Chowdhury,S"]
[Result "1/2-1/2"]
[WhiteElo "2245"]
[BlackElo "2421"]
[EventDate "2003.12.04"]

1. e4 c5 2. d3 Nc6 3. Be2 g6 4. Nf3 Bg7 5. O-O d6 6. c3 Nf6 7. Nbd2 O-O 8.
Re1 e5 9. a3 d5 10. Qc2 h6 11. b4 cxb4 1/2-1/2

[Event "ch-IND National A"]
[Site "Calicut IND"]
[Date "2003.12.08"]
[Round "8"]
[White "Barua,D"]
[Black "Ramesh,R"]
[Result "1/2-1/2"]
[WhiteElo "2528"]
[BlackElo "2466"]
[EventDate "2003.12.04"]

1. e4 c5 2. Nf3 Nc6 3. d4 cxd4 4. Nxd4 Nf6 5. Nc3 e5 6. Ndb5 d6 7. Bg5 a6
8. Na3 b5 9. Bxf6 gxf6 10. Nd5 f5 11. Bd3 Be6 12. O-O Bxd5 13. exd5 Ne7 14.
Re1 Bg7 15. Rb1 O-O 16. c4 e4 17. Bf1 Ng6 18. b4 Re8 19. Rb3 bxc4 20. Nxc4
Ne5 21. a4 Nxc4 22. Bxc4 a5 23. Bb5 axb4 24. Bxe8 Qxe8 25. Qh5 Qxa4 26.
Rbb1 Qd7 27. g4 Bc3 28. Re3 fxg4 29. Rxe4 Kh8 30. Rxg4 f5 31. Rg5 Rf8 32.
Qh6 Qe7 33. Rg2 Re8 34. Rg3 Qe4 35. Rc1 Qxd5 36. Rgxc3 bxc3 37. Qf6+ Kg8
38. Qg5+ Kh8 1/2-1/2

[Event "ch-IND National A"]
[Site "Calicut IND"]
[Date "2003.12.09"]
[Round "9"]
[White "Bakre,T"]
[Black "Suvrajit,S"]
[Result "1-0"]
[WhiteElo "2443"]
[BlackElo "2387"]
[EventDate "2003.12.04"]

1. e4 e5 2. Nf3 Nf6 3. Nxe5 d6 4. Nf3 Nxe4 5. Nc3 Nxc3 6. dxc3 Be7 7. Bf4
Nc6 8. Qd2 Bg4 9. Be2 Qd7 10. h3 Bf5 11. O-O-O O-O-O 12. Bb5 a6 13. Ba4 Bf6
14. Nd4 Bxd4 15. cxd4 d5 16. Rhe1 Rhe8 17. Bg3 Rxe1 18. Rxe1 Re8 19. Rxe8+
Qxe8 20. f3 Qe7 21. Bb3 Be6 22. Qe3 h6 23. c3 Kd8 24. Bc2 Bf5 25. Bxc7+
Kxc7 26. Qf4+ Kb6 27. Bxf5 Qf6 28. g4 g6 29. Qxh6 Ne7 30. Bc2 Qxf3 31. Bd1
Qf2 32. Qd2 Qf6 33. Qe3 g5 34. Bf3 Kc7 35. Bg2 Kd7 36. Kd2 Qb6 37. b3 f6
38. Kc2 Qd6 39. Qf3 b6 40. Bf1 a5 41. Bd3 Qh2+ 42. Kb1 Qg1+ 43. Kb2 Qh2+
44. Bc2 Ke6 45. Qd3 Kf7 46. c4 dxc4 47. Qxc4+ Kf8 48. Qe6 Qf2 49. Qxb6 Kf7
50. Qxa5 Qxd4+ 51. Qc3 Qf2 52. Qc4+ Kf8 53. Qe4 Qh2 54. a4 Qxh3 55. a5 Qf1
56. b4 Qb5 57. Bd3 Qa4 58. a6 Nc6 59. b5 Nd4 60. Qa8+ Ke7 61. Qa7+ Kd6 62.
Qb6+ Kd5 63. Qd8+ Ke5 64. Qc7+ Kd5 65. Qc4+ Qxc4 66. Bxc4+ Kxc4 67. a7 Nxb5
68. a8=Q 1-0

[Event "ch-IND National A"]
[Site "Calicut IND"]
[Date "2003.12.09"]
[Round "9"]
[White "Ramesh,R"]
[Black "Sandipan,C"]
[Result "1/2-1/2"]
[WhiteElo "2466"]
[BlackElo "2504"]
[EventDate "2003.12.04"]

1. e4 e5 2. Nf3 Nc6 3. Bb5 Nf6 4. O-O Nxe4 5. d4 Nd6 6. Bxc6 dxc6 7. dxe5
Nf5 8. Qxd8+ Kxd8 9. Nc3 Bd7 10. Rd1 Kc8 11. Ng5 Be8 12. b3 b6 13. Bb2 Be7
14. Nge4 Kb7 15. g3 a5 16. a4 Rd8 17. Rxd8 Bxd8 18. Rd1 Kc8 19. Ne2 c5 20.
c4 Bc6 21. N4c3 Re8 22. Nd5 f6 23. exf6 Bxf6 24. Bxf6 Rxe2 25. Kf1 1/2-1/2

[Event "ch-IND National A"]
[Site "Calicut IND"]
[Date "2003.12.09"]
[Round "9"]
[White "Sareen,V"]
[Black "Barua,D"]
[Result "1-0"]
[WhiteElo "2367"]
[BlackElo "2528"]
[EventDate "2003.12.04"]

1. e4 e6 2. d4 d5 3. Nc3 Nf6 4. Bg5 dxe4 5. Nxe4 Be7 6. Bxf6 gxf6 7. Qd3 b6
8. O-O-O Bb7 9. Nc3 c6 10. f4 f5 11. g4 fxg4 12. h3 Qd6 13. Nge2 gxh3 14.
Rxh3 Nd7 15. Rxh7 Rxh7 16. Qxh7 Nf6 17. Qg7 a5 18. Bh3 a4 19. a3 b5 20. f5
b4 21. fxe6 Kd8 22. axb4 a3 23. bxa3 Rxa3 24. exf7 Ba6 25. Qh8+ Bf8 26. Rf1
Nd5 27. Nxd5 cxd5 28. Qf6+ Qxf6 29. Rxf6 Ke7 30. Rxa6 Rxa6 31. Nc3 Kxf7 32.
Nxd5 Rh6 33. Bf5 Rh5 34. Bg6+ Kxg6 35. Nf4+ Kf5 36. Nxh5 Bxb4 37. Kb2 Ke4
38. c3 Ba5 39. Kc2 Bd8 40. Ng3+ Kf4 41. Nf1 Ke4 42. Nd2+ Ke3 43. Nc4+ Ke4
44. Nd6+ Ke3 45. Nf7 1-0

[Event "ch-IND National A"]
[Site "Calicut IND"]
[Date "2003.12.09"]
[Round "9"]
[White "Ganguly,S"]
[Black "Singh,SV"]
[Result "1-0"]
[WhiteElo "2531"]
[BlackElo "2342"]
[EventDate "2003.12.04"]

1. e4 e5 2. Nf3 Nf6 3. Nxe5 d6 4. Nf3 Nxe4 5. d4 d5 6. Bd3 Bd6 7. O-O O-O
8. c4 c6 9. Qc2 Na6 10. a3 f5 11. b4 Nc7 12. Bb2 Kh8 13. Nc3 Nxc3 14. Qxc3
dxc4 15. Bxc4 Nd5 16. Bxd5 cxd5 17. Rfe1 a5 18. Qb3 axb4 19. axb4 Rxa1 20.
Bxa1 Re8 21. Rxe8+ Qxe8 22. Qxd5 Qe4 23. Qxe4 fxe4 24. Ng5 Bxb4 25. Nxe4
Bf5 26. f3 Be6 27. Kf2 Kg8 28. Ke3 Ba5 29. Bc3 Bc7 30. g3 h6 31. Bb4 Kf7
32. Nc3 Bc4 33. Ke4 Bf1 34. d5 g6 35. Kd4 h5 36. Ne4 h4 37. Bd6 Bb6+ 38.
Bc5 Bc7 39. Bd6 Bb6+ 40. Ke5 Bg1 41. gxh4 Bxh2+ 42. f4 b5 43. Bc5 Bd3 44.
d6 1-0

[Event "ch-IND National A"]
[Site "Calicut IND"]
[Date "2003.12.10"]
[Round "10"]
[White "Singh,SV"]
[Black "Ramesh,R"]
[Result "1/2-1/2"]
[WhiteElo "2342"]
[BlackElo "2466"]
[EventDate "2003.12.04"]

1. d4 Nf6 2. c4 e6 3. Nc3 Bb4 4. e3 O-O 5. Nf3 d5 6. Bd3 c5 7. O-O cxd4 8.
exd4 dxc4 9. Bxc4 b6 10. Bg5 Bb7 11. Ne5 Bxc3 12. bxc3 Nbd7 13. Qb3 Qc7 14.
Nxf7 Rxf7 15. Bxe6 Nf8 16. Bxf7+ Qxf7 17. Bxf6 Bd5 18. Qb5 gxf6 19. a4 Rd8
20. Rfe1 Qg6 21. Qf1 Kh8 22. Re3 Re8 23. Rxe8 Qxe8 24. c4 Bf7 25. d5 a5 26.
Qe1 Qc8 27. Qe7 Kg7 28. d6 Qxc4 29. h3 Qd3 30. Re1 f5 31. Qe5+ Kg8 32. Re3
Qd1+ 33. Kh2 Qxa4 34. Rg3+ Bg6 35. Qd5+ Kg7 36. Qe5+ Kg8 37. Qd5+ 1/2-1/2

[Event "ch-IND National A"]
[Site "Calicut IND"]
[Date "2003.12.10"]
[Round "10"]
[White "Sriram,J"]
[Black "Roy Chowdhury,S"]
[Result "1/2-1/2"]
[WhiteElo "2458"]
[BlackElo "2421"]
[EventDate "2003.12.04"]

1. d4 d5 2. c4 Bf5 3. Nc3 e6 4. Nf3 Nc6 5. Bf4 a6 6. e3 Nf6 7. Be2 Be7 8.
O-O O-O 9. Rc1 h6 10. Ne5 Nxe5 11. Bxe5 c6 12. c5 Nd7 13. Bg3 Bh4 14. Bd6
Be7 15. Bg3 Bh4 16. Bxh4 Qxh4 17. f4 Qe7 18. Bd3 Bxd3 19. Qxd3 f5 20. b4
Nf6 21. a4 Ne4 22. Ra1 Qc7 23. Rfb1 g5 24. fxg5 hxg5 25. Nxe4 1/2-1/2

[Event "ch-IND National A"]
[Site "Calicut IND"]
[Date "2003.12.10"]
[Round "10"]
[White "Kunte,A"]
[Black "Srinivasa Rao,M"]
[Result "1-0"]
[WhiteElo "2535"]
[BlackElo "2329"]
[EventDate "2003.12.04"]

1. d4 Nf6 2. Nf3 g6 3. Bg5 Ne4 4. Bf4 Bg7 5. Nbd2 d5 6. e3 c5 7. c3 Nc6 8.
Be2 O-O 9. O-O Re8 10. Nxe4 dxe4 11. Ng5 e5 12. dxe5 Bxe5 13. Qxd8 Nxd8 14.
Nxe4 Bf5 15. Nd6 Bxd6 16. Bxd6 b6 17. Bb5 Re6 18. Rfd1 Nb7 19. Bf4 a6 20.
Bd7 1-0

[Event "ch-IND National A"]
[Site "Calicut IND"]
[Date "2003.12.10"]
[Round "10"]
[White "Koneru,H"]
[Black "Neelotpal,D"]
[Result "0-1"]
[WhiteElo "2485"]
[BlackElo "2443"]
[EventDate "2003.12.04"]

1. d4 Nf6 2. c4 c5 3. d5 b5 4. cxb5 a6 5. bxa6 Bxa6 6. Nc3 d6 7. g3 Nbd7 8.
Bg2 g6 9. Nh3 Bg7 10. O-O O-O 11. Rb1 Qa5 12. Bd2 Rfb8 13. Qc2 Ne8 14. Rfc1
Nc7 15. Qe4 Ne5 16. Qh4 Nb5 17. Qxe7 Re8 18. Qh4 Nd4 19. Ne4 Nxe2+ 20. Kh1
Qc7 21. Re1 Bd3 22. Ra1 h5 23. Nf6+ Bxf6 24. Qxf6 Ng4 25. Qh4 Ra4 26. Bf4
Be4 27. f3 Bxd5 28. Rad1 Bc6 29. Rd2 Nxf4 30. Rxe8+ Bxe8 31. gxf4 Nh6 32.
b3 Rd4 33. Rxd4 cxd4 34. Qe1 Bd7 35. Nf2 Nf5 36. Qd2 d5 37. Nd1 Qc5 38. Bh3
Be6 39. b4 Qc4 40. Bg2 0-1

[Event "ch-IND National A"]
[Site "Calicut IND"]
[Date "2003.12.10"]
[Round "10"]
[White "Barua,D"]
[Black "Venkatesh,M"]
[Result "1/2-1/2"]
[WhiteElo "2528"]
[BlackElo "2401"]
[EventDate "2003.12.04"]

1. e4 c5 2. Nf3 Nc6 3. d4 cxd4 4. Nxd4 Nf6 5. Nc3 d6 6. Be2 e5 7. Nf3 h6 8.
O-O Be7 9. h3 O-O 10. Re1 Be6 11. Bf1 Qa5 12. Bd2 Qd8 13. Na4 d5 14. exd5
Qxd5 15. c4 Qd6 16. Bc3 Nd7 17. Qxd6 Bxd6 18. Rad1 Bc7 19. b4 Rfd8 20. Nb2
f6 21. Nd2 a5 22. a3 axb4 23. axb4 Ra3 24. Nb1 Ra2 25. Nd3 Bf7 26. Nc1 Raa8
27. Nb3 Na7 28. N1d2 b5 29. c5 Rab8 30. Ra1 Nc6 31. Ra6 Bd5 32. Bd3 Rb7 33.
Bc2 Ndb8 34. Ra8 Ra7 35. Rxa7 Nxa7 36. Nb1 Nbc6 37. Na3 Ne7 38. Ra1 Be6 39.
Be1 Nd5 40. Nc1 Nf4 41. Bb3 Bxb3 42. Nxb3 Rd3 43. Nd2 f5 44. Nc2 Nc6 45.
Ra6 Nd4 46. Nxd4 Rxd4 47. Ra7 Nd5 48. Nb3 Rd1 49. Ra1 Rd3 50. Nc1 Rd1 51.
Nb3 Rd3 52. Na5 e4 53. Nc6 f4 54. Kf1 f3 55. gxf3 exf3 56. Na7 Be5 57. Rb1
Nc7 58. Nc6 Bf6 59. Na5 Nd5 60. c6 Kf7 61. Nb7 Nc7 62. Nc5 Rd6 63. Rb3 Rxc6
64. Rxf3 Kg6 65. Rd3 Be7 66. Rg3+ Kf7 67. Bc3 g5 68. Rf3+ Ke8 69. Rf5 Bxc5
70. bxc5 Ne6 71. Bb4 Ke7 72. Kg2 Nf4+ 73. Kg3 Ke6 74. Rf8 Nd5 75. Bd2 Rxc5
76. Rh8 Rc2 77. Rxh6+ Kf5 78. Be3 1/2-1/2

[Event "ch-IND National A"]
[Site "Calicut IND"]
[Date "2003.12.10"]
[Round "10"]
[White "Suvrajit,S"]
[Black "Thipsay,P"]
[Result "1/2-1/2"]
[WhiteElo "2387"]
[BlackElo "2486"]
[EventDate "2003.12.04"]

1. d4 Nf6 2. Nf3 g6 3. Bf4 Bg7 4. e3 d6 5. h3 O-O 6. Be2 Nfd7 7. O-O e5 8.
Bh2 Nc6 9. c4 exd4 10. exd4 Qf6 11. Nc3 Nxd4 12. Nxd4 Qxd4 13. Nd5 Qxb2 14.
Rb1 Qxa2 15. Nxc7 Rb8 16. Bxd6 b6 17. Bxf8 Nxf8 18. Nd5 Bd7 19. Nb4 Qa5 20.
Qd5 Re8 21. Bd3 Qa3 22. Qf3 Ne6 23. Be4 Qxf3 24. Bxf3 Nd4 25. Bd5 Bf5 26.
Rbe1 Ne2+ 27. Kh2 Bc3 28. Nc6 a5 29. Rb1 Bxb1 30. Rxb1 Nd4 31. Rxb6 Nxc6
32. Rxc6 Re7 33. Ra6 Kg7 34. Kg3 Bb4 35. Kf3 1/2-1/2

[Event "ch-IND National A"]
[Site "Calicut IND"]
[Date "2003.12.10"]
[Round "11"]
[White "Das,A"]
[Black "Suvrajit,S"]
[Result "1/2-1/2"]
[WhiteElo "2299"]
[BlackElo "2387"]
[EventDate "2003.12.04"]

1. e4 c5 2. Nf3 d6 3. Bc4 e6 4. d3 Nc6 5. Bb3 Be7 6. O-O Nf6 7. c3 O-O 8.
Re1 b6 9. Nbd2 Bb7 10. Nf1 b5 11. Ng3 Qc7 12. Bf4 Ne5 13. d4 Nxf3+ 14. Qxf3
cxd4 15. cxd4 Rfc8 16. Qd3 a6 17. Rac1 Qd8 18. f3 g6 19. Ne2 Nh5 20. Be3
Bg5 21. Rxc8 Bxe3+ 22. Qxe3 Rxc8 23. Rc1 Rxc1+ 24. Qxc1 Nf6 25. Qg5 Kg7 26.
Kf1 h6 27. Qc1 Qb6 28. Qd2 a5 29. Bc2 Ba6 30. b4 axb4 31. Qxb4 Ne8 32. Bd3
1/2-1/2

[Event "ch-IND National A"]
[Site "Calicut IND"]
[Date "2003.12.10"]
[Round "11"]
[White "Thipsay,P"]
[Black "Hariharan,V"]
[Result "1-0"]
[WhiteElo "2486"]
[BlackElo "2245"]
[EventDate "2003.12.04"]

1. e4 e6 2. d4 d5 3. e5 c5 4. c3 Nc6 5. Nf3 Qb6 6. a3 c4 7. Nbd2 Na5 8. g3
Bd7 9. h4 O-O-O 10. Bh3 f5 11. O-O Nh6 12. Ng5 Be7 13. Rb1 Bxg5 14. hxg5
Nf7 15. Nf3 Rdg8 16. Bf4 g6 17. Qd2 Nb3 18. Qe3 Qd8 19. g4 fxg4 20. Bxg4 h5
21. Bh3 Qe8 22. Nh4 Nd8 23. Kh2 Nc6 24. Rg1 Ne7 25. Rg3 Rf8 26. Rf3 Rh7 27.
Bg3 Rhf7 28. Rf6 Nf5 29. Bxf5 gxf5 30. g6 Rg7 31. Bf4 Qe7 32. Bg5 Be8 33.
Rxf5 exf5 34. Bxe7 Rxe7 35. Qg5 Rg7 36. Nxf5 Bxg6 37. Nxg7 Bxb1 38. Qe7 1-0

[Event "ch-IND National A"]
[Site "Calicut IND"]
[Date "2003.12.10"]
[Round "11"]
[White "Roy Chowdhury,S"]
[Black "Prathamesh,S"]
[Result "1/2-1/2"]
[WhiteElo "2421"]
[BlackElo "2379"]
[EventDate "2003.12.04"]

1. d4 Nf6 2. Nf3 e6 3. e3 b6 4. Bd3 Bb7 5. O-O Be7 6. c4 O-O 7. Nc3 d5 8.
cxd5 exd5 9. b3 Nbd7 10. Bb2 a6 11. Ne2 Bd6 12. Ng3 g6 13. Ne5 Qe7 14. f4
Ne4 15. Nxe4 1/2-1/2

[Event "ch-IND National A"]
[Site "Calicut IND"]
[Date "2003.12.10"]
[Round "11"]
[White "Satyapragyan,S"]
[Black "Roktim,B"]
[Result "1/2-1/2"]
[WhiteElo "2415"]
[BlackElo "2352"]
[EventDate "2003.12.04"]

1. e4 e5 2. Nf3 Nc6 3. Bb5 Nf6 4. Nc3 Nd4 5. Ba4 Bc5 6. Nxe5 O-O 7. Nd3 Bb6
8. e5 Ne8 9. Nd5 c6 10. Nxb6 axb6 1/2-1/2

[Event "ch-IND National A"]
[Site "Calicut IND"]
[Date "2003.12.10"]
[Round "11"]
[White "Neelotpal,D"]
[Black "Sriram,J"]
[Result "1/2-1/2"]
[WhiteElo "2443"]
[BlackElo "2458"]
[EventDate "2003.12.04"]

1. e4 e5 2. Nf3 Nc6 3. Bb5 a6 4. Ba4 Nf6 5. O-O Be7 6. Re1 b5 7. Bb3 d6 8.
c3 O-O 9. d4 Bg4 10. Be3 exd4 11. cxd4 Na5 12. Bc2 c5 13. dxc5 dxc5 1/2-1/2

[Event "ch-IND National A"]
[Site "Calicut IND"]
[Date "2003.12.10"]
[Round "11"]
[White "Ramesh,R"]
[Black "Sundararajan,K"]
[Result "1/2-1/2"]
[WhiteElo "2466"]
[BlackElo "2446"]
[EventDate "2003.12.04"]

1. e4 e5 2. Nf3 Nc6 3. Bb5 Nf6 4. O-O Nxe4 5. d4 Nd6 6. Bxc6 dxc6 7. dxe5
Nf5 8. Qxd8+ Kxd8 9. Nc3 Bd7 10. Rd1 Kc8 11. Ng5 Be8 12. b3 b6 13. Bb2 Be7
14. Nge4 Kb7 15. Kf1 a5 16. a4 Rd8 17. Rxd8 Bxd8 18. Rd1 Kc8 19. Ne2 c5 20.
c4 Bc6 21. N4c3 f6 22. Nd5 fxe5 23. Bxe5 Re8 24. Bc3 g6 25. Ng3 Bd7 26. Bf6
Nxg3+ 27. hxg3 c6 28. Bxd8 cxd5 29. Bxb6 dxc4 30. bxc4 Re4 1/2-1/2

[Event "ch-IND National A"]
[Site "Calicut IND"]
[Date "2003.12.12"]
[Round "12"]
[White "Ganguly,S"]
[Black "Ramesh,R"]
[Result "1-0"]
[WhiteElo "2531"]
[BlackElo "2466"]
[EventDate "2003.12.04"]

1. e4 c5 2. Nf3 Nc6 3. d4 cxd4 4. Nxd4 Nf6 5. Nc3 e5 6. Ndb5 d6 7. Bg5 a6
8. Na3 b5 9. Bxf6 gxf6 10. Nd5 f5 11. Bd3 Be6 12. c3 Bg7 13. Qh5 O-O 14.
O-O f4 15. Rfd1 Rb8 16. Nc2 Qd7 17. h3 a5 18. Na3 Na7 19. Bc2 Rfc8 20. Bb3
Rc5 21. Rd2 a4 22. Bc2 Bxd5 23. Rxd5 Qc7 24. Rad1 Nc8 25. Qe2 b4 26. Rxc5
Qxc5 27. Rd5 Qc6 28. Rb5 f3 29. gxf3 Ra8 30. Rxb4 Qd7 31. Qf1 Ne7 32. Nc4
Qe6 33. Rxa4 Rd8 34. Ne3 Kh8 35. Ra7 Rg8 36. Kh1 Bf8 37. Nf5 Nxf5 38. exf5
Qh6 39. Be4 d5 40. Bxd5 Qf4 41. Be4 Bc5 42. Rxf7 Bxf2 43. f6 Rd8 44. Rxh7+
1-0

[Event "ch-IND National A"]
[Site "Calicut IND"]
[Date "2003.12.12"]
[Round "12"]
[White "Sundararajan,K"]
[Black "Sareen,V"]
[Result "1-0"]
[WhiteElo "2446"]
[BlackElo "2367"]
[EventDate "2003.12.04"]

1. Nf3 Nf6 2. c4 g6 3. Nc3 d5 4. Qa4+ Bd7 5. Qb3 dxc4 6. Qxc4 Bg7 7. e4 O-O
8. e5 Ne8 9. d4 c6 10. Be2 Be6 11. Qa4 Nc7 12. O-O Nd7 13. Qd1 f6 14. exf6
exf6 15. Re1 Nd5 16. Ba6 Nxc3 17. bxc3 Bd5 18. Bxb7 Rb8 19. Ba6 Qa5 20. Qd3
Qa4 21. Re7 Rf7 22. Rxf7 Kxf7 23. Bf4 Nc5 24. Qd1 Qxd1+ 25. Rxd1 Nxa6 26.
Bxb8 Nxb8 27. Rb1 Nd7 28. Rb7 Ke8 29. Rxa7 Kd8 30. Nd2 Bf8 31. Nb3 Bd6 32.
Na5 Bc7 33. c4 Be4 34. f3 Bxa5 35. Rxa5 Bd3 36. Ra8+ Kc7 37. c5 f5 38. Kf2
f4 39. h4 h5 40. a4 Nf6 41. Rf8 Nd5 42. Rf7+ Kb8 43. a5 Ka8 44. Rg7 Kb8 45.
a6 Ka8 46. a7 Ne3 47. Rc7 Nf5 48. Rxc6 Kxa7 49. Rxg6 Nxh4 50. Rg7+ Kb8 51.
d5 Nf5 52. d6 Kc8 53. d7+ Kc7 54. c6 Nd4 55. d8=Q+ 1-0

[Event "ch-IND National A"]
[Site "Calicut IND"]
[Date "2003.12.12"]
[Round "12"]
[White "Prathamesh,S"]
[Black "Neelotpal,D"]
[Result "0-1"]
[WhiteElo "2379"]
[BlackElo "2443"]
[EventDate "2003.12.04"]

1. e4 c5 2. Nf3 d6 3. d4 cxd4 4. Nxd4 Nf6 5. Nc3 Nc6 6. Be2 g6 7. O-O Bg7
8. Nb3 O-O 9. Bg5 a6 10. Re1 b5 11. Bf1 h6 12. Bh4 Bb7 13. Nd5 Nd7 14. c3
g5 15. Bg3 e6 16. Ne3 Nde5 17. Qd2 Qe7 18. a4 bxa4 19. Rxa4 f5 20. exf5
exf5 21. f4 gxf4 22. Rxf4 Qd7 23. Nc4 Rad8 24. Rd1 Qe6 25. Bh4 Rd7 26. Re1
Qf7 27. Nb6 Rc7 28. Qxd6 Qxb3 29. Qxc7 Rf7 30. Bc4 Nxc4 31. Qxf7+ Kxf7 32.
Nxc4 Kg6 33. g4 fxg4 34. Rxg4+ Kh7 35. Bg3 Bf8 36. Bf2 Qb5 37. b4 a5 38.
Rf4 Qg5+ 39. Bg3 axb4 40. cxb4 Bg7 0-1

[Event "ch-IND National A"]
[Site "Calicut IND"]
[Date "2003.12.12"]
[Round "12"]
[White "Harikrishna,P"]
[Black "Suvrajit,S"]
[Result "1-0"]
[WhiteElo "2570"]
[BlackElo "2387"]
[EventDate "2003.12.04"]

1. d4 d5 2. c4 c6 3. e3 Nf6 4. Nc3 a6 5. Nf3 b5 6. b3 Bg4 7. Be2 e6 8. O-O
Nbd7 9. h3 Bh5 10. Bb2 Bd6 11. Ne5 Bxe2 12. Nxe2 Qc7 13. cxd5 cxd5 14. Rc1
Qb8 15. Nxd7 Nxd7 16. e4 O-O 17. e5 Be7 18. Nf4 Qb7 19. Rc3 Rfc8 20. Rg3 g6
21. Bc1 Qb6 22. Qg4 Qd8 23. h4 Rc6 24. h5 Nf8 25. hxg6 fxg6 26. Nh5 Rac8
27. Bh6 R8c7 28. Rf3 Qc8 29. Bxf8 Bxf8 30. Nf6+ Kh8 31. Rh3 Rc1 32. Rxc1
Rxc1+ 33. Kh2 Bh6 34. Rxh6 Rh1+ 35. Kxh1 Qc1+ 36. Kh2 Qxh6+ 37. Kg3 1-0

[Event "ch-IND National A"]
[Site "Calicut IND"]
[Date "2003.12.12"]
[Round "12"]
[White "Barua,D"]
[Black "Ravi,Th"]
[Result "1-0"]
[WhiteElo "2528"]
[BlackElo "2380"]
[EventDate "2003.12.04"]

1. e4 e5 2. Bc4 Bc5 3. d3 Nc6 4. c3 a6 5. Nf3 Nf6 6. O-O Ba7 7. Bb3 d6 8.
Be3 O-O 9. Nbd2 Ne7 10. h3 Ng6 11. Re1 Nh5 12. Nf1 Nhf4 13. Ng3 Qf6 14. Nh5
Qe7 15. Nxf4 exf4 16. Bxa7 Rxa7 17. d4 Ra8 18. e5 Bf5 19. exd6 Qxd6 20. Ne5
Rad8 21. Qf3 c6 22. Re2 Qf6 23. Nxg6 Bxg6 24. Rae1 Rd7 25. Re5 h6 26. a4
Kh7 27. a5 Qh4 28. Bc4 f6 29. Re7 Rfd8 30. b4 Qg5 31. Kh2 h5 32. Rxd7 Rxd7
33. Qe2 Rd8 34. Qf3 Rd7 35. Be6 Rd8 36. Bb3 Rd7 37. Qe2 Rd8 38. Qd1 Rd7 39.
Ba2 Kh6 40. Qf3 Kh7 41. Qe2 Rd8 42. Qd1 Rd7 43. Bb1 Bxb1 44. Qxb1+ Qg6 45.
Qxg6+ Kxg6 46. f3 Kf7 47. Re4 g5 48. Kg1 Re7 49. Rxe7+ Kxe7 50. Kf2 Ke6 51.
Ke2 Kd5 52. Kd3 f5 53. h4 gxh4 54. c4+ Kd6 55. Kc3 Ke6 56. Kb3 Kd6 57. Ka4
Ke6 58. Kb3 Kd6 59. Kc3 Ke6 60. Kd3 Kd6 61. Ke2 h3 62. gxh3 h4 63. Kd3 Ke6
64. c5 Ke7 65. Kc4 Ke6 66. d5+ cxd5+ 67. Kd4 Ke7 68. b5 axb5 69. c6 Kd6 70.
cxb7 Kc7 71. Kxd5 Kxb7 72. Kc5 Ka6 73. Kb4 Kb7 74. Kxb5 Ka7 75. a6 Ka8 76.
Kc5 1-0

[Event "ch-IND National A"]
[Site "Calicut IND"]
[Date "2003.12.12"]
[Round "13"]
[White "Satyapragyan,S"]
[Black "Barua,D"]
[Result "1/2-1/2"]
[WhiteElo "2415"]
[BlackElo "2528"]
[EventDate "2003.12.04"]

1. e4 e6 2. d4 d5 3. Nd2 Nf6 4. e5 Nfd7 5. f4 c5 6. c3 Nc6 7. Ndf3 cxd4 8.
cxd4 f5 9. Bd3 Be7 10. Ne2 O-O 11. h3 Nb6 12. g4 Bd7 13. O-O Rc8 14. Rf2
Nb4 15. Bb1 Qc7 16. Nc3 Na4 17. a3 Nxc3 18. bxc3 Nc6 19. gxf5 exf5 20. Ba2
Be6 21. c4 Qd7 22. c5 Qe8 23. Kh2 Qh5 24. Be3 h6 25. Rg2 Kh8 26. Ng1 Qxd1
27. Rxd1 Rg8 28. Rb2 Rc7 29. Ne2 g5 30. Nc3 Rd7 31. Nb5 gxf4 32. Bxf4 Bg5
33. Bxg5 hxg5 34. Nd6 f4 35. Bb1 g4 36. hxg4 Rxg4 37. Rg2 Rdg7 38. Rxg4
Rxg4 39. Bf5 Bxf5 40. Nxf5 f3 41. e6 f2 42. Rf1 Re4 43. e7 1/2-1/2

[Event "ch-IND National A"]
[Site "Calicut IND"]
[Date "2003.12.12"]
[Round "13"]
[White "Ramesh,R"]
[Black "Harikrishna,P"]
[Result "0-1"]
[WhiteElo "2466"]
[BlackElo "2570"]
[EventDate "2003.12.04"]

1. e4 e5 2. Nf3 Nc6 3. Bb5 Nf6 4. O-O Nxe4 5. d4 Nd6 6. Bxc6 dxc6 7. dxe5
Nf5 8. Qxd8+ Kxd8 9. Nc3 Bd7 10. b3 Kc8 11. Bb2 Be7 12. Rfe1 b6 13. Ne2 c5
14. e6 Bxe6 15. Nf4 Bd7 16. Bxg7 Rg8 17. Nd5 Be6 18. Nxe7+ Nxe7 19. Be5 Nc6
20. c3 a5 21. Bg3 a4 22. Rab1 Kb7 23. Ne5 Rgd8 24. Rb2 axb3 25. axb3 Ra3
26. Nxc6 Kxc6 27. c4 Rd3 28. Reb1 b5 29. cxb5+ Kxb5 30. Bxc7 Bxb3 31. Kf1
c4 32. Ke2 Kb4 33. Bf4 Rd5 34. Rd2 Rxd2+ 35. Kxd2 Ra2+ 36. Ke3 Ra8 37. Bd6+
Kc3 38. Ra1 Re8+ 39. Kf4 Kd4 40. Ra3 Re2 41. Kg3 Rb2 42. Ra5 c3 43. Rh5 Bc2
44. Be5+ Kc4 45. Rh4+ Kd5 46. Bh8 Rb8 47. Bf6 Bg6 48. Rd4+ Kc5 49. Rd7 c2
50. Bg5 Kc6 51. Rd4 Rg8 52. Be3 Re8 53. Rc4+ Kb5 54. Rc7 Rxe3+ 55. fxe3 Be4
56. Rc3 Kb4 57. Rc7 Bd3 58. Rxc2 Bxc2 59. Kf4 Kc4 60. Ke5 Kd3 61. Kf6 Kxe3
62. Kxf7 Kf2 63. g4 Kg2 0-1

[Event "ch-IND National A"]
[Site "Calicut IND"]
[Date "2003.12.12"]
[Round "13"]
[White "Roy Chowdhury,S"]
[Black "Kunte,A"]
[Result "1/2-1/2"]
[WhiteElo "2421"]
[BlackElo "2535"]
[EventDate "2003.12.04"]

1. d4 Nf6 2. Nf3 g6 3. Bf4 Bg7 4. e3 O-O 5. Nbd2 d6 6. Be2 Nbd7 7. h3 c5 8.
c3 b6 9. O-O Bb7 10. a4 a6 11. Bh2 Ra7 12. Re1 Qa8 13. Bf1 Ne4 14. Nc4 Bd5
15. Na3 Bc6 16. Nc2 Nef6 17. Nd2 Rc8 18. f3 Rac7 19. Na3 1/2-1/2

[Event "ch-IND National A"]
[Site "Calicut IND"]
[Date "2003.12.12"]
[Round "13"]
[White "Venkatesh,M"]
[Black "Sundararajan,K"]
[Result "1-0"]
[WhiteElo "2401"]
[BlackElo "2446"]
[EventDate "2003.12.04"]

1. e4 e5 2. Nf3 Nc6 3. Bb5 Nf6 4. O-O Nxe4 5. d4 Nd6 6. Bxc6 dxc6 7. dxe5
Nf5 8. Qxd8+ Kxd8 9. Nc3 Bd7 10. Rd1 Kc8 11. Ng5 Be8 12. b3 b6 13. Bb2 Be7
14. Nge4 Kb7 15. Rd3 Rd8 16. Rad1 Kc8 17. Bc1 Rxd3 18. Rxd3 Bd7 19. Bg5
Bxg5 20. Nxg5 h6 21. Nge4 c5 22. Nd5 a5 23. f4 a4 24. g4 Nd4 25. c3 Ne2+
26. Kf2 axb3 27. axb3 Bxg4 28. Ne7+ Kb8 29. f5 g6 30. Nc6+ Kc8 31. Ne7+ Kb8
32. Nc6+ Kc8 33. e6 Nf4 34. Rd2 Bxf5 35. e7 Bxe4 36. Rd8+ Kb7 37. Ne5 Nd5
38. Nxf7 1-0